| 000 | 00415nam a22001457a 4500 | ||
|---|---|---|---|
| 005 | 20180215153726.0 | ||
| 008 | 180215b xxu||||| |||| 00| 0 eng d | ||
| 040 | _cPK-LaUMT | ||
| 082 |
_aPKAC 302.2308 _bNAZ-M |
||
| 100 | _aNazrul Hafeez Nadvi | ||
| 245 |
_aMaghrabi media aur uskay asrat/ _cNazrul Hafeez Nadvi |
||
| 260 |
_aکراچی: _bمجلس نشریات اسلام، _c2001 |
||
| 300 | _a420 | ||
| 942 | _cBK | ||
| 999 |
_c103307 _d103307 |
||